[Event "NED-chT 1314"]
[Site "Netherlands"]
[Date "2013.11.02"]
[Round "2.5"]
[White "Broekmeulen, Jasper"]
[Black "Ringoir, Tanguy"]
[Result "1/2-1/2"]
[WhiteElo "2439"]
[BlackElo "2514"]
[PlyCount "56"]
[EventDate "2013.09.21"]
[EventType "team-tourn"]
[EventRounds "9"]
[EventCountry "NED"]
[SourceTitle "EXT 2015"]
[Source "ChessBase"]
[SourceDate "2014.11.20"]
[SourceVersion "1"]
[SourceVersionDate "2014.11.20"]
[SourceQuality "1"]
[WhiteTeam "Calder HMC"]
[BlackTeam "En Passant"]
[WhiteTeamCountry "NED"]
[BlackTeamCountry "NED"]

1. e4 e5 2. Nf3 Nc6 3. c3 d5 4. Qa4 f6 5. Bb5 Nge7 6. exd5 Qxd5 7. d4 Bg4 8. c4
Qe4+ 9. Be3 Bxf3 10. Nd2 Qg6 11. gxf3 exd4 12. Bxd4 O-O-O 13. Bxa7 Nxa7 14.
Qxa7 c6 15. O-O-O cxb5 16. Qa8+ Kc7 17. Qa5+ Kc8 18. Qa8+ Kc7 19. Qa5+ Kc8 20.
Ne4 Rxd1+ 21. Rxd1 Nc6 22. Qa8+ Nb8 23. cxb5 Be7 24. Rd3 Rd8 25. Rc3+ Kd7 26.
Rd3+ Kc8 27. Rc3+ Kd7 28. Rd3+ Kc8 1/2-1/2

[Event "Hamburg Seniors-ch 20th"]
[Site "Hamburg"]
[Date "2013.10.31"]
[Round "2"]
[White "Schmidt, Berthold"]
[Black "Funke, Hermann"]
[Result "0-1"]
[WhiteElo "1352"]
[BlackElo "1574"]
[PlyCount "110"]
[EventDate "2013.10.30"]
[EventType "swiss"]
[EventRounds "9"]
[EventCountry "GER"]
[SourceTitle "EXT 2015"]
[Source "ChessBase"]
[SourceDate "2014.11.20"]
[SourceVersion "1"]
[SourceVersionDate "2014.11.20"]
[SourceQuality "1"]

1. e4 e5 2. Nf3 Nc6 3. c3 Nf6 4. d3 d5 5. exd5 Qxd5 6. h3 Be7 7. Nbd2 Be6 8.
Be2 Qd7 9. Ng5 h6 10. Nxe6 Qxe6 11. O-O O-O-O 12. a4 Kb8 13. Qc2 Nd7 14. b4 f5
15. Nc4 Bf6 16. b5 Ne7 17. Ba3 g5 18. Bf3 g4 19. hxg4 fxg4 20. Bxe7 gxf3 21.
Bxd8 Rg8 22. Ne3 Bxd8 23. Qa2 Qg6 24. Qd5 fxg2 25. Qxg2 Qf7 26. Ng4 h5 27. f3
hxg4 28. fxg4 Qe6 29. Rf5 Nf6 30. Kf1 Nxg4 31. Qe4 Ne3+ 32. Ke2 Nxf5 33. Qc4
Rg2+ 34. Kf3 Rg3+ 35. Kf2 Qxc4 36. dxc4 Rxc3 37. Rd1 Kc8 38. Rd5 Bh4+ 39. Ke2
Bg3 40. c5 c6 41. Rd3 Rxc5 42. bxc6 Rxc6 43. Kf3 Bf4 44. Ke4 Nd6+ 45. Kd5 Kd7
46. Rh3 Kc7 47. a5 Ra6 48. Rh7+ Kb8 49. Ke6 Nc8+ 50. Kd7 Rd6+ 51. Ke8 Bg5 52.
Rh5 Bf4 53. Rh8 a6 54. Kf7 Kc7 55. Rh1 Na7 0-1

[Event "corr freechess"]
[Site "freechess.de"]
[Date "2013.10.30"]
[Round "?"]
[White "Priegnitz, Uwe"]
[Black "Fant, Serge"]
[Result "0-1"]
[WhiteElo "1450"]
[BlackElo "1314"]
[PlyCount "78"]
[EventDate "2013.??.??"]
[EventType "tourn (corr)"]
[SourceTitle "OM Corr 202003"]
[Source "Opening Master"]
[SourceDate "2019.05.30"]
[SourceVersion "2"]
[SourceVersionDate "2019.05.30"]
[SourceQuality "1"]

1. e4 e5 2. Nf3 Nc6 3. c3 d5 4. Qc2 Nf6 5. d3 d4 6. Bg5 Be7 7. Nbd2 Bg4 8. Be2
h6 9. Bh4 g5 10. Bg3 Qd7 11. Bxe5 dxc3 12. bxc3 Bxf3 13. Bxf3 Nxe5 14. Be2
O-O-O 15. d4 Nc6 16. Nb3 Kb8 17. O-O a6 18. Rab1 Qc8 19. e5 Nd5 20. Nc5 Bxc5
21. dxc5 Ka7 22. Qa4 Nxc3 23. Qb3 Nxb1 24. Rxb1 Nd4 25. Qe3 Ne6 26. c6+ b6 27.
g3 Nd4 28. Qa3 Nxc6 29. Rc1 Nb8 30. Bf3 Rhe8 31. Qc3 Re7 32. Kg2 a5 33. h3 c5
34. g4 Nc6 35. Re1 Qc7 36. Qc4 Nxe5 37. Qc3 Rd3 38. Qb2 Nxf3 39. Rf1 Qh2# 0-1

[Event "III Open del Martedi' C"]
[Site "Torino ITA"]
[Date "2013.10.29"]
[Round "7"]
[White "Fiorito, Giovanni"]
[Black "Vittoria, Giuseppe"]
[Result "1-0"]
[WhiteElo "1583"]
[BlackElo "1621"]
[PlyCount "44"]
[EventDate "2013.09.17"]
[SourceTitle "OM OTB B 201907"]
[Source "Opening Master"]
[SourceDate "2019.07.06"]
[SourceVersion "2"]
[SourceVersionDate "2019.07.06"]
[SourceQuality "1"]

1. e4 e5 2. Nf3 Nc6 3. c3 Nf6 4. d4 exd4 5. e5 Ng4 6. cxd4 Bb4+ 7. Nc3 h5 8. h3
Nh6 9. Bg5 Be7 10. d5 Bxg5 11. dxc6 bxc6 12. Ne4 Be7 13. Nfg5 Bxg5 14. Qxh5 Be7
15. Rd1 Bb4+ 16. Nc3 g6 17. Qf3 Qg5 18. Rd2 Nf5 19. Bc4 O-O 20. g4 Nh4 21. Qg3
Kg7 22. f4 Qh5 1-0

[Event "FICS rated standard game"]
[Site "FICS freechess.org"]
[Date "2013.10.28"]
[Round "?"]
[White "Zonderling"]
[Black "Chumby"]
[Result "1-0"]
[WhiteElo "2257"]
[BlackElo "2283"]
[PlyCount "61"]
[EventDate "2013.??.??"]
[SourceTitle "OM Portal C 201906"]
[Source "Opening Master"]
[SourceDate "2019.06.27"]
[SourceVersion "1"]
[SourceVersionDate "2019.06.27"]
[SourceQuality "1"]

1. e4 e5 2. Nf3 Nc6 3. c3 Nf6 4. Qa4 d6 5. Be2 Bd7 6. Qc2 g5 7. h3 Qe7 8. d3 h6
9. Nbd2 d5 10. b4 a6 11. a4 Bg7 12. O-O Qe6 13. Nb3 b6 14. b5 Ne7 15. Nfd4 exd4
16. Nxd4 Qd6 17. e5 Qxe5 18. f4 Qd6 19. Ba3 c5 20. bxc6 Qc7 21. cxd7+ Nxd7 22.
Qd2 gxf4 23. Bh5 Be5 24. Rae1 Rc8 25. Bxe7 Kxe7 26. Qxf4 f6 27. Qg4 Rhf8 28.
Qg7+ Kd6 29. Rxe5 Qb7 30. Re7 f5 31. Nxf5+ 1-0

[Event "Goiania-ch U26 (Women)"]
[Site "Goiania"]
[Date "2013.10.27"]
[Round "6"]
[White "Araujo, Vanessa Mascarenhas"]
[Black "Ramillo, Vitoria Matheus"]
[Result "0-1"]
[WhiteElo "1819"]
[BlackElo "1775"]
[PlyCount "72"]
[EventDate "2013.10.24"]
[EventType "swiss"]
[EventRounds "7"]
[EventCountry "BRA"]
[SourceTitle "EXT 2014"]
[Source "ChessBase"]
[SourceDate "2013.11.20"]
[SourceVersion "1"]
[SourceVersionDate "2013.11.20"]
[SourceQuality "1"]

1. e4 e5 2. Nf3 Nc6 3. c3 d5 4. Bb5 dxe4 5. Nxe5 Qd5 6. Bxc6+ bxc6 7. Ng4 Ba6
8. Ne3 Qg5 9. Qa4 Bb5 10. Qxe4+ Ne7 11. c4 Ba6 12. O-O O-O-O 13. d4 Bb7 14. c5
f5 15. Qe6+ Kb8 16. Qb3 Qf6 17. Nc2 g5 18. a4 Ka8 19. Qc4 f4 20. f3 Rg8 21. a5
a6 22. Ra3 Nf5 23. Rd3 Bh6 24. b4 Nh4 25. Kh1 g4 26. Nd2 Qg6 27. Rg1 Rde8 28.
d5 cxd5 29. Rxd5 gxf3 30. g3 f2 31. b5 fxg1=Q+ 32. Kxg1 fxg3 33. h3 Qf6 34. Ne4
Rxe4 35. Qf1 Qxf1+ 36. Kxf1 Rf8+ 0-1

[Event "MMJ OP+SL - C17"]
[Site "?"]
[Date "2013.10.27"]
[Round "?"]
[White "Slezinski, Nikodem"]
[Black "Faron, Rafal"]
[Result "0-1"]
[WhiteElo "1758"]
[BlackElo "2021"]
[PlyCount "124"]
[EventDate "2013.??.??"]
[SourceTitle "OM OTB B 201907"]
[Source "Opening Master"]
[SourceDate "2019.07.06"]
[SourceVersion "2"]
[SourceVersionDate "2019.07.06"]
[SourceQuality "1"]

1. e4 e5 2. Nf3 Nc6 3. c3 Nf6 4. d4 exd4 5. e5 Nd5 6. cxd4 Bb4+ 7. Bd2 Bxd2+ 8.
Nbxd2 d6 9. Bb5 O-O 10. O-O Nce7 11. Ne4 dxe5 12. Nxe5 Nb6 13. Re1 Nf5 14. Nf3
Nd6 15. Bd3 Nxe4 16. Rxe4 Bf5 17. Re5 Bg4 18. Be4 Bxf3 19. Bxf3 c6 20. Qd3 Qd6
21. Rae1 Rad8 22. Re7 Rd7 23. Rxd7 Qxd7 24. g3 g6 25. Qe4 Rd8 26. Qe7 Kg7 27.
Qe5+ Kg8 28. Qe7 Qxe7 29. Rxe7 Rd7 30. Rxd7 Nxd7 31. d5 c5 32. d6 b6 33. Kf1
Kf8 34. Ke2 Ke8 35. Bc6 Kd8 36. f4 Nf8 37. Kd3 Ne6 38. Ke4 Nd4 39. Kd5 Nc2 40.
Ke5 Nb4 41. Bd5 Nd3+ 42. Kf6 Nxb2 43. Bxf7 c4 44. Ke5 c3 45. Bb3 b5 46. Kd4 b4
47. a3 a5 48. axb4 axb4 49. Bc2 Kd7 50. Kc5 Nd3+ 51. Kc4 Ne1 52. Kxb4 Nxc2+ 53.
Kxc3 Ne3 54. Kd4 Ng4 55. h3 Nf2 56. Ke5 Nxh3 57. Kf6 Kxd6 58. Kg7 Ke6 59. Kxh7
Kf6 60. Kh6 Nf2 61. Kh7 Ne4 62. g4 Nf2 0-1

[Event "Spijkenisse Queens-Kings"]
[Site "Spijkenisse"]
[Date "2013.10.26"]
[Round "2.2"]
[White "De Lange, Steyn"]
[Black "Van Rossum, Pia"]
[Result "1-0"]
[WhiteElo "1674"]
[BlackElo "1579"]
[PlyCount "59"]
[EventDate "2013.10.25"]
[EventType "team-match"]
[EventRounds "2"]
[EventCountry "NED"]
[SourceTitle "EXT 2014"]
[Source "ChessBase"]
[SourceDate "2013.11.20"]
[SourceVersion "1"]
[SourceVersionDate "2013.11.20"]
[SourceQuality "1"]
[WhiteTeam "Kings"]
[BlackTeam "Queens"]
[WhiteTeamCountry "NED"]
[BlackTeamCountry "NED"]

1. e4 e5 2. Nf3 Nc6 3. c3 Bc5 4. d4 Bb6 5. dxe5 Qe7 6. Bf4 a6 7. Nbd2 Nh6 8. h3
Ba7 9. Bc4 f6 10. exf6 Qxf6 11. Bxc7 d6 12. Qb3 Ne5 13. Nxe5 Bxf2+ 14. Kd1 Qxe5
15. Rf1 Ba7 16. Bd5 Kd7 17. Bxb7 Kxc7 18. Bxa8 Bg4+ 19. hxg4 Rxa8 20. Qc4+ Kd7
21. Qxa6 Kc7 22. Kc2 Qc5 23. b4 Qe5 24. Kb2 Bd4 25. Qc4+ Bc5 26. bxc5 Rb8+ 27.
Kc2 dxc5 28. Rab1 Rd8 29. Qa6 Rxd2+ 30. Kxd2 1-0

[Event "MMJ OP+SL - C17"]
[Site "?"]
[Date "2013.10.23"]
[Round "?"]
[White "Slezinski, Nikodem"]
[Black "Slany, Wiktor"]
[Result "1-0"]
[WhiteElo "1758"]
[BlackElo "1764"]
[PlyCount "35"]
[EventDate "2013.??.??"]
[SourceTitle "OM OTB B 201907"]
[Source "Opening Master"]
[SourceDate "2019.07.06"]
[SourceVersion "2"]
[SourceVersionDate "2019.07.06"]
[SourceQuality "1"]

1. e4 e5 2. Nf3 Nc6 3. c3 Nf6 4. d4 Nxe4 5. d5 Ne7 6. Nxe5 Ng6 7. Nxg6 hxg6 8.
Be3 d6 9. Qa4+ Bd7 10. Qxe4+ Be7 11. Bg5 O-O 12. Bxe7 Re8 13. Bxd8 Rxe4+ 14.
Kd2 Rxd8 15. Bd3 Re5 16. c4 Rde8 17. Nc3 a6 18. Rhe1 1-0

[Event "WC-2016-Q-00013"]
[Site "Lechenicher SchachServer"]
[Date "2013.10.22"]
[Round "?"]
[White "Skonieczny, Jerzy"]
[Black "Simmelink, Joop Theo"]
[Result "1/2-1/2"]
[WhiteElo "2340"]
[BlackElo "2286"]
[PlyCount "22"]
[EventDate "2013.10.27"]
[EventType "simul"]
[EventRounds "2"]
[SourceTitle "OM Corr 202003"]
[Source "Opening Master"]
[SourceDate "2019.05.30"]
[SourceVersion "2"]
[SourceVersionDate "2019.05.30"]
[SourceQuality "1"]

1. e4 e5 2. Nf3 Nc6 3. c3 d5 4. Qa4 f6 5. d3 Be6 6. Be2 Bd6 7. exd5 Bxd5 8. d4
Qd7 9. dxe5 Nxe5 10. Qxd7+ Nxd7 11. Nbd2 c5 1/2-1/2

[Event "IND-chB 51st"]
[Site "Bhopal"]
[Date "2013.10.21"]
[Round "12"]
[White "Muralidharan, MB."]
[Black "Vaishali, R."]
[Result "1-0"]
[WhiteElo "2200"]
[BlackElo "1988"]
[PlyCount "61"]
[EventDate "2013.10.12"]
[EventType "swiss"]
[EventRounds "13"]
[EventCountry "IND"]
[SourceTitle "EXT 2014"]
[Source "ChessBase"]
[SourceDate "2013.11.20"]
[SourceVersion "1"]
[SourceVersionDate "2013.11.20"]
[SourceQuality "1"]

1. e4 e5 2. Nf3 Nc6 3. c3 d6 4. d4 exd4 5. cxd4 Nf6 6. Nc3 Be7 7. h3 O-O 8. Bd3
h6 9. O-O a6 10. e5 Nd7 11. Qe2 dxe5 12. dxe5 Nc5 13. Bc2 Be6 14. Be3 Nb4 15.
Rad1 Qe8 16. Bb1 b5 17. b3 c6 18. a3 Nd5 19. Nxd5 Bxd5 20. Bxc5 Bxf3 21. gxf3
Bxc5 22. Qc2 f5 23. Qxc5 Qh5 24. Kh2 Qxf3 25. Qe3 Qh5 26. Rg1 Rad8 27. Rxd8
Rxd8 28. e6 Re8 29. Qa7 g5 30. Bxf5 Rf8 31. Qh7# 1-0

[Event "EU-Cup 29th"]
[Site "Rhodes"]
[Date "2013.10.21"]
[Round "2.5"]
[White "Csonka, Attila Istvan"]
[Black "Ahvenjarvi, Jani"]
[Result "1-0"]
[WhiteElo "2387"]
[BlackElo "2241"]
[PlyCount "95"]
[EventDate "2013.10.20"]
[EventType "team-swiss"]
[EventRounds "7"]
[EventCountry "GRE"]
[SourceTitle "CBM 157"]
[Source "ChessBase"]
[SourceDate "2013.11.12"]
[SourceVersion "1"]
[SourceVersionDate "2013.11.12"]
[SourceQuality "1"]
[WhiteTeam "Szombathely"]
[BlackTeam "Tammer"]
[WhiteTeamCountry "HUN"]
[BlackTeamCountry "FIN"]

1. e4 e5 2. Nf3 Nc6 3. c3 Nf6 4. d4 Nxe4 5. d5 Ne7 6. Nxe5 Ng6 7. Nc4 Bc5 8.
Be3 Bxe3 9. Nxe3 O-O 10. Nd2 Nxd2 11. Qxd2 d6 12. O-O-O f5 13. Nc2 f4 14. Bd3
Ne5 15. Be4 Qf6 16. Nd4 Kh8 17. Rde1 Rb8 18. Nf3 Nxf3 19. Bxf3 Bd7 20. Re4 Qf7
21. Rhe1 Rbe8 22. Rxe8 Rxe8 23. Rxe8+ Bxe8 24. Qd4 b6 25. Bg4 h6 26. Be6 Qe7
27. Qxf4 c6 28. Kd2 cxd5 29. Bxd5 Bg6 30. h4 Kh7 31. g3 Kh8 32. g4 Be8 33. g5
Kh7 34. Qe4+ Qxe4 35. Bxe4+ Kg8 36. Bd5+ Kf8 37. f4 Ke7 38. Ke3 Bg6 39. Kd4 Be8
40. Ke4 Bd7 41. f5 hxg5 42. hxg5 Bc8 43. Bc6 Kf7 44. b4 Ke7 45. a4 Kf7 46. a5
Ke7 47. axb6 axb6 48. b5 1-0

[Event "RN-2013-0-00714"]
[Site "Lechenicher SchachServer"]
[Date "2013.10.21"]
[Round "?"]
[White "Cherry, Brian"]
[Black "Linart, Ludvik"]
[Result "0-1"]
[WhiteElo "653"]
[BlackElo "929"]
[PlyCount "54"]
[EventDate "2013.10.11"]

1. e4 e5 2. Nf3 Nc6 3. c3 Nf6 4. d4 exd4 5. Nxd4 Nxe4 6. Qe2 Qe7 7. Nf5 Qe6 8.
Nd4 Nxd4 9. cxd4 d5 10. f3 Bb4+ 11. Bd2 Nxd2 12. Nxd2 O-O 13. O-O-O c5 14. a3
Bxd2+ 15. Qxd2 c4 16. Re1 Qc6 17. Qc3 Bf5 18. g4 Bg6 19. h4 Rae8 20. Rd1 h6 21.
Bg2 Re7 22. Rhe1 Rfe8 23. f4 Be4 24. Re2 Bxg2 25. Rxg2 Re3 26. Qd2 c3 27. b4
cxd2+ 0-1

[Event "corr freechess"]
[Site "freechess.de"]
[Date "2013.10.21"]
[Round "?"]
[White "Butenko, Viktoria"]
[Black "Boettner, Juergen"]
[Result "1-0"]
[WhiteElo "1800"]
[BlackElo "1506"]
[PlyCount "69"]
[EventDate "2013.??.??"]
[EventType "tourn (corr)"]
[SourceTitle "OM Corr 202003"]
[Source "Opening Master"]
[SourceDate "2019.05.30"]
[SourceVersion "2"]
[SourceVersionDate "2019.05.30"]
[SourceQuality "1"]

1. e4 e5 2. Nf3 Nc6 3. c3 Bc5 4. d4 exd4 5. cxd4 Bb4+ 6. Bd2 Bxd2+ 7. Qxd2 d5
8. Nc3 Bg4 9. Bb5 Nf6 10. Qf4 Bxf3 11. Qxf3 O-O 12. Bxc6 bxc6 13. e5 Re8 14.
O-O Nd7 15. Rfe1 Rb8 16. b3 Rb4 17. Rad1 Qh4 18. Ne2 Re6 19. Nf4 Rh6 20. h3 Qg5
21. e6 fxe6 22. Rxe6 Rxe6 23. Nxe6 Qe7 24. Qg4 Nf6 25. Qf5 Ne4 26. f3 Ng3 27.
Qe5 g6 28. Re1 Rb7 29. Qxg3 Qb4 30. Kh1 a5 31. Qe5 Qe7 32. f4 h6 33. f5 gxf5
34. Qxf5 Qe8 35. Qg4+ 1-0

[Event "Madrid San Viator op 21st"]
[Site "Madrid"]
[Date "2013.10.20"]
[Round "5"]
[White "Olias Ruiz, Enrique"]
[Black "Munoz Blazquez, Jose"]
[Result "1-0"]
[WhiteElo "1173"]
[BlackElo "1426"]
[PlyCount "79"]
[EventDate "2013.09.29"]
[EventType "swiss"]
[EventRounds "9"]
[EventCountry "ESP"]
[SourceTitle "EXT 2015"]
[Source "ChessBase"]
[SourceDate "2014.11.20"]
[SourceVersion "1"]
[SourceVersionDate "2014.11.20"]
[SourceQuality "1"]

1. e4 e5 2. Nf3 Nc6 3. c3 d6 4. Bc4 Be7 5. Qb3 Nh6 6. d3 Na5 7. Qb5+ Nc6 8. O-O
a6 9. Qb3 O-O 10. Bd5 Ng4 11. h3 Nf6 12. Bg5 Na5 13. Qd1 c6 14. Bb3 Nxb3 15.
axb3 Qc7 16. Re1 Qd8 17. Qd2 Be6 18. c4 Nd7 19. Nc3 Bxg5 20. Nxg5 Qe7 21. Qe3
f6 22. Nxe6 Qxe6 23. b4 b6 24. Ne2 b5 25. Ng3 bxc4 26. Rac1 d5 27. dxc4 dxc4
28. Red1 Rfb8 29. Nf5 Rxb4 30. Rd6 Qf7 31. Rcd1 Rd8 32. Qg3 Qf8 33. Rxd7 Rxd7
34. Rxd7 g6 35. Qh4 h5 36. Qg3 g5 37. Ne7+ Kg7 38. Nf5+ Kg8 39. Qf3 Rxb2 40.
Qxh5 1-0

[Event "5th IRT UNAS LXXV Aniversario Tingo Mar"]
[Site "?"]
[Date "2013.10.20"]
[Round "?"]
[White "Vivanco Villa, Fredi"]
[Black "Vergara Pastor, Jorge Luis Braulio"]
[Result "1-0"]
[WhiteElo "1660"]
[BlackElo "1666"]
[PlyCount "51"]
[EventDate "2013.??.??"]
[SourceTitle "OM OTB B 201907"]
[Source "Opening Master"]
[SourceDate "2019.07.06"]
[SourceVersion "2"]
[SourceVersionDate "2019.07.06"]
[SourceQuality "1"]

1. e4 e5 2. Nf3 Nc6 3. c3 Nf6 4. d3 d5 5. Qe2 Bg4 6. h3 Bxf3 7. Qxf3 h6 8. Be2
d4 9. O-O Qd7 10. a3 Be7 11. c4 g6 12. Nd2 Nh5 13. Qg4 Qd6 14. b4 Bg5 15. Nb3
Nf6 16. Qg3 Bxc1 17. Raxc1 Nxb4 18. axb4 Qxb4 19. Qxe5+ Qe7 20. Qxd4 Rd8 21.
Qxa7 b6 22. c5 b5 23. Qa5 c6 24. Qc3 O-O 25. Bf3 Qd7 26. Rfe1 1-0

[Event "Remote No Engine Nah2-08 email"]
[Site "Remote email"]
[Date "2013.10.20"]
[Round "?"]
[White "Tortoza, Carlos Alberto"]
[Black "Pischner, Rainer"]
[Result "0-1"]
[WhiteElo "1563"]
[BlackElo "2348"]
[PlyCount "92"]
[EventDate "2013.??.??"]
[EventType "tourn (corr)"]
[EventRounds "6"]
[EventCountry "GER"]
[SourceTitle "OM Corr 202003"]
[Source "Opening Master"]
[SourceDate "2019.05.30"]
[SourceVersion "2"]
[SourceVersionDate "2019.05.30"]
[SourceQuality "1"]

1. e4 e5 2. Nf3 Nc6 3. c3 Nf6 4. d3 Bc5 5. Be2 h6 6. O-O O-O 7. b4 Bd6 8. Be3
Ne7 9. d4 Ng6 10. d5 Nxe4 11. Bd3 Nf6 12. Bxg6 fxg6 13. Nh4 Qe8 14. Qc2 Nxd5
15. Nxg6 Rf6 16. Nh4 Qh5 17. g3 Be7 18. Ng2 d6 19. Bd2 Bf5 20. Qb3 Be6 21. c4
Nb6 22. Rc1 Nxc4 23. Rxc4 b5 24. Rh4 Qxh4 25. Qxe6+ Rxe6 26. gxh4 Rf8 27. Nc3
c6 28. a4 a6 29. Ne4 Rg6 30. a5 Bxh4 31. Be3 d5 32. Nc5 d4 33. Bd2 Rxf2 34. Kh1
Rgxg2 35. Ne4 Rxh2+ 36. Kg1 Rxd2 37. Nxd2 Rxd2 38. Rc1 e4 39. Rxc6 e3 40. Rxa6
e2 41. Re6 d3 42. a6 Ra2 43. Re4 d2 44. Kg2 d1=Q 45. Rxh4 e1=N+ 46. Kg3 Qf3#
0-1

[Event "Roncana op-B 7th"]
[Site "Santa Eulalia de Roncana"]
[Date "2013.10.19"]
[Round "3"]
[White "Mostazo Torrubia, Rafael"]
[Black "Sola Montoya, Josep"]
[Result "1-0"]
[WhiteElo "1508"]
[BlackElo "1625"]
[PlyCount "108"]
[EventDate "2013.10.05"]
[EventType "swiss"]
[EventRounds "8"]
[EventCountry "ESP"]
[SourceTitle "EXT 2015"]
[Source "ChessBase"]
[SourceDate "2014.11.20"]
[SourceVersion "1"]
[SourceVersionDate "2014.11.20"]
[SourceQuality "1"]

1. e4 e5 2. Nf3 Nc6 3. c3 Nf6 4. d3 Bc5 5. Nxe5 Bxf2+ 6. Kxf2 Nxe5 7. Be2 d6 8.
Rf1 Bg4 9. Kg1 Qe7 10. Bf4 Bxe2 11. Qxe2 O-O-O 12. Nd2 h6 13. d4 Nc6 14. Rfe1
g5 15. Bg3 h5 16. h3 h4 17. Bh2 Qd7 18. Qf3 Nh5 19. Rf1 Rdf8 20. Qf5 Ne7 21.
Qf3 Ng6 22. Qg4 Qxg4 23. hxg4 Ng3 24. Rf3 Nf4 25. Kf2 Rh7 26. Bxg3 hxg3+ 27.
Rxg3 Rfh8 28. Rg1 f6 29. Nc4 Rh1 30. Re3 R1h2 31. Kf1 Rh1 32. Rxh1 Rxh1+ 33.
Kf2 Rh2 34. Rg3 Kd7 35. Nd2 Ke6 36. Nf1 Rh4 37. c4 c6 38. b3 d5 39. exd5+ cxd5
40. Re3+ Kd7 41. g3 Nh3+ 42. Kg2 Rh7 43. cxd5 Kd6 44. Re6+ Kxd5 45. Rxf6 Kxd4
46. Rf3 b5 47. a3 a6 48. Nd2 Rh6 49. b4 Kd5 50. Rf5+ Kd4 51. Rf3 Kd5 52. Nb3
Kd6 53. Nd4 Ke5 54. Nf5 Rh7 1-0

[Event "Voronezh-ch"]
[Site "Voronezh"]
[Date "2013.10.19"]
[Round "2"]
[White "Gasparian, Haik"]
[Black "Kolybelkin, Oleg"]
[Result "1-0"]
[WhiteElo "2047"]
[BlackElo "1693"]
[PlyCount "87"]
[EventDate "2013.10.18"]
[EventType "swiss"]
[EventRounds "9"]
[EventCountry "RUS"]
[SourceTitle "EXT 2014"]
[Source "ChessBase"]
[SourceDate "2013.11.20"]
[SourceVersion "1"]
[SourceVersionDate "2013.11.20"]
[SourceQuality "1"]

1. e4 e5 2. Nf3 Nc6 3. c3 Nf6 4. d4 d6 5. Be2 Be7 6. O-O O-O 7. d5 Nb8 8. Qc2
Re8 9. c4 Nbd7 10. Nc3 a6 11. a3 h6 12. b4 Kh7 13. Ne1 g5 14. Be3 Nf8 15. c5
Ng6 16. cxd6 cxd6 17. Na4 Nf4 18. Nb6 Nxe2+ 19. Qxe2 Rb8 20. f3 Bd7 21. Nxd7
Qxd7 22. Nd3 Nh5 23. Rac1 Rbc8 24. g3 Qh3 25. Nf2 Qd7 26. f4 Nxg3 27. hxg3 gxf4
28. gxf4 Rg8+ 29. Kh2 exf4 30. Bxf4 Rxc1 31. Rxc1 Bg5 32. Bxg5 Rxg5 33. Rg1 f6
34. Qf3 Qe7 35. Rxg5 fxg5 36. Ng4 h5 37. Qf6 Qg7 38. Qf5+ Qg6 39. Nf6+ Kg7 40.
Qxg6+ Kxg6 41. Ne8 g4 42. Nxd6 h4 43. Nf5 Kg5 44. d6 1-0

[Event "corr freechess"]
[Site "freechess.de"]
[Date "2013.10.18"]
[Round "?"]
[White "Butenko, Viktoria"]
[Black "Koglin, Juergen"]
[Result "1-0"]
[WhiteElo "1800"]
[BlackElo "1899"]
[PlyCount "93"]
[EventDate "2013.??.??"]
[EventType "tourn (corr)"]
[SourceTitle "OM Corr 202003"]
[Source "Opening Master"]
[SourceDate "2019.05.30"]
[SourceVersion "2"]
[SourceVersionDate "2019.05.30"]
[SourceQuality "1"]

1. e4 e5 2. Nf3 Nc6 3. c3 Nf6 4. d3 h6 5. Nbd2 d6 6. d4 Bd7 7. d5 Ne7 8. c4 Ng6
9. Bd3 Nf4 10. Bf1 c6 11. g3 Nh3 12. Qc2 cxd5 13. cxd5 a6 14. Nc4 Rc8 15. Qd3
b5 16. Ne3 Qb6 17. b4 Ng5 18. Nxg5 hxg5 19. Be2 Be7 20. a3 Ng4 21. Nxg4 g6 22.
Ne3 f6 23. Bd2 Kf7 24. Bg4 Qd8 25. Qb3 Rc7 26. Be6+ Kg7 27. Ke2 Qa8 28. Bxd7
Rxd7 29. Rac1 Rc8 30. a4 Rdc7 31. a5 Rxc1 32. Rxc1 Rxc1 33. Bxc1 Qc8 34. Bb2 g4
35. Qc3 Qxc3 36. Bxc3 Kh6 37. Nxg4+ Kh5 38. f3 Bd8 39. Bd2 Be7 40. h4 Bd8 41.
Ne3 Be7 42. Ng2 f5 43. Bg5 Bxg5 44. hxg5 Kxg5 45. exf5 Kxf5 46. g4+ Kg5 47. Ke3
1-0

[Event "corr freechess"]
[Site "freechess.de"]
[Date "2013.10.18"]
[Round "?"]
[White "Ahrendt, Ulf"]
[Black "Tolzien, Detlev"]
[Result "1-0"]
[WhiteElo "1718"]
[BlackElo "1800"]
[PlyCount "45"]
[EventDate "2013.??.??"]
[EventType "tourn (corr)"]
[SourceTitle "OM Corr 202003"]
[Source "Opening Master"]
[SourceDate "2019.05.30"]
[SourceVersion "2"]
[SourceVersionDate "2019.05.30"]
[SourceQuality "1"]

1. e4 e5 2. Nf3 Nc6 3. c3 a6 4. d4 exd4 5. Nxd4 Nxd4 6. Qxd4 Nf6 7. e5 Qe7 8.
Be3 Ng8 9. Na3 f6 10. exf6 gxf6 11. O-O-O Qf7 12. Bc4 Qg6 13. Nc2 Be7 14. g3
Nh6 15. Qf4 Nf5 16. Bd3 d6 17. Nd4 Qf7 18. Nxf5 Qxa2 19. Nxe7 Kxe7 20. Bd4 Rf8
21. Rhe1+ Kf7 22. Qxf6+ Kg8 23. Qg7# 1-0

[Event "Central Asia Cup 3rd"]
[Site "Dushanbe"]
[Date "2013.10.16"]
[Round "5"]
[White "Khamdamov, Suhrob"]
[Black "Igonin, Temur"]
[Result "0-1"]
[WhiteElo "2292"]
[BlackElo "2068"]
[PlyCount "82"]
[EventDate "2013.10.12"]
[EventType "swiss"]
[EventRounds "9"]
[EventCountry "TJK"]
[SourceTitle "EXT 2014"]
[Source "ChessBase"]
[SourceDate "2013.11.20"]
[SourceVersion "1"]
[SourceVersionDate "2013.11.20"]
[SourceQuality "1"]

1. e4 e5 2. Nf3 Nc6 3. c3 Nf6 4. d4 Nxe4 5. d5 Ne7 6. Nxe5 Ng6 7. Qd4 Qe7 8.
Qxe4 Qxe5 9. Qxe5+ Nxe5 10. Bf4 d6 11. Na3 Bf5 12. Nb5 Kd7 13. O-O-O a6 14. Nd4
Bg6 15. h3 Re8 16. Bh2 Be4 17. c4 g5 18. f3 Bg6 19. Be2 Bg7 20. Rhf1 Rhf8 21.
f4 gxf4 22. Bxf4 Nxc4 23. Bg4+ f5 24. Bf3 Ne3 25. Ne6 Nxd1 26. Nxg7 Ne3 27.
Nxe8 Nxf1 28. Ng7 Rg8 29. Ne6 Be8 30. g4 fxg4 31. hxg4 Ke7 32. g5 Bd7 33. g6
Bxe6 34. Bg5+ Kd7 35. dxe6+ Kxe6 36. gxh7 Rh8 37. Be4 d5 38. Bg6 Ng3 39. Be3
Nf5 40. Bg5 Ne7 41. Bc2 Nf5 0-1